Loading...
| Philosophy | 0 | 10 | 1 | 2 | 95 | 42 | 105.60 | 0 | 5 |
| Literature - European Literature | 0 | 8 | 1 | 0 | 75 | 82 | 116.50 | 0 | 1 |
| Science - Other Science | 0 | 6 | 2 | 2 | 50 | 55 | 106.83 | 0 | 1 |
| Literature - World Literature | 0 | 6 | 2 | 1 | 50 | 114 | 130.00 | 0 | 0 |
| Literature - British Literature | 0 | 5 | 0 | 4 | 50 | 124 | 143.00 | 0 | 0 |
| Fine Arts - Classical Music | 0 | 4 | 0 | 2 | 40 | 131 | 136.25 | 0 | 0 |
| Fine Arts - Other Fine Arts | 0 | 4 | 1 | 1 | 35 | 54 | 107.50 | 0 | 1 |
| Literature - American Literature | 0 | 4 | 1 | 0 | 35 | 78 | 103.00 | 0 | 1 |
| Any History | 0 | 3 | 1 | 1 | 25 | 86 | 111.67 | 0 | 0 |
| Social Science | 0 | 5 | 5 | 1 | 25 | 71 | 112.80 | 0 | 1 |
| History - American History | 0 | 2 | 0 | 0 | 20 | 115 | 121.50 | 0 | 0 |
| Science - Physics | 0 | 3 | 2 | 0 | 20 | 87 | 105.00 | 0 | 0 |
| Science - Chemistry | 0 | 2 | 1 | 1 | 15 | 126 | 131.50 | 0 | 0 |
| Painting & Sculpture | 0 | 2 | 1 | 0 | 15 | 131 | 142.00 | 0 | 0 |
| Mythology | 0 | 2 | 1 | 1 | 15 | 74 | 112.50 | 0 | 0 |
| Other Academic | 0 | 2 | 1 | 0 | 15 | 78 | 97.50 | 1 | 1 |
| History - World History | 0 | 1 | 0 | 1 | 10 | 145 | 145.00 | 0 | 0 |
| Science - Biology | 0 | 1 | 0 | 0 | 10 | 92 | 92.00 | 0 | 0 |
| Religion | 0 | 0 | 1 | 0 | -5 | 0.00 | 0 | 0 | |
| History - European History | 0 | 0 | 1 | 0 | -5 | 0.00 | 0 | 0 |